|
|
|
|
| LEADER |
00995nam a22002532a 4500 |
| 001 |
001820656 |
| 003 |
CZ BrMZK |
| 005 |
20220411111150.0 |
| 007 |
ta |
| 008 |
220411s1904 gw er|||||||||||ger d |
| 040 |
|
|
|a BOD001
|b cze
|d BOA001
|
| 072 |
|
7 |
|a 821.112.2
|x Německá literatura, německy psaná
|2 Konspekt
|9 25
|
| 100 |
1 |
|
|a Sachs, Hans,
|d 1494-1576
|7 jn20000604766
|4 aut
|
| 245 |
1 |
0 |
|a Sämtliche Fabeln und Schwänke von Hans Sachs.
|n 5. Band,
|p Die Fabeln und Schwänke in den Meistergesängen /
|c herausgegeben von Edmund Goetze und Carl Drescher
|
| 260 |
|
|
|a Halle a. S. :
|b Max Niemeyer,
|c 1904
|
| 300 |
|
|
|a 396 s.
|
| 490 |
1 |
|
|a Neudrucke deutscher Litteraturwerke des 16. und 17. Jahrhunderts ;
|v 207-211
|
| 700 |
1 |
|
|a Goetze, Edmund,
|d 1843-1920
|7 mub2010574572
|4 edt
|
| 700 |
1 |
|
|a Drescher, Karl,
|d 1864-1928
|7 mub20201094733
|4 edt
|
| 830 |
|
0 |
|a Neudrucke deutscher Litteraturwerke des 16. und 17. Jahrhunderts
|
| 910 |
|
|
|a BOA001
|b 1-0037.385,207-211
|
| 990 |
|
|
|a BK
|
| 993 |
|
|
|a Y
|
| 991 |
|
|
|b 202204
|